Clinical biochemistry / (Record no. 24776)

MARC details
000 -LEADER
fixed length control field 00816nam a22002297a 4500
008 - FIXED-LENGTH DATA ELEMENTS--GENERAL INFORMATION
fixed length control field 090220t xxu||||| |||| 00| 0 eng d
010 ## - LCCN (DPL NO)
LC control number ENG-93054
020 ## - INTERNATIONAL STANDARD BOOK NUMBER
Terms of availability 100.00
International Standard Book Number 8189843176
035 ## - SYSTEM CONTROL NUMBER
System control number EN-76587
037 ## - SOURCE OF ACQUISITION
Source of stock number/acquisition DBAD / PUB
040 ## - CATALOGING SOURCE
Original cataloging agency dpl
Language of cataloging English
082 ## - DEWEY DECIMAL CLASSIFICATION NUMBER
Classification number 616.0756
100 ## - MAIN ENTRY--PERSONAL NAME
Personal name Malathi, R.
245 ## - TITLE STATEMENT
Title Clinical biochemistry /
Remainder of title by R. Malathi
260 ## - PUBLICATION, DISTRIBUTION, ETC. (IMPRINT)
Place of publication, distribution, etc Chennai
Name of publisher, distributor, etc Dhanam Publications
Date of publication, distribution, etc 2008
270 ## - ADDRESS
Address 27, Nattar St. Velachery,
City Chennai
Postal code 600042
300 ## - PHYSICAL DESCRIPTION
Extent 88p.
Dimensions 20cm (pbk)
650 ## - SUBJECT ADDED ENTRY--TOPICAL TERM
Topical term or geographic name as entry element Clinical biochemistry.
650 ## - SUBJECT ADDED ENTRY--TOPICAL TERM
Topical term or geographic name as entry element Biochemistry.
942 ## - ADDED ENTRY ELEMENTS (KOHA)
Source of classification or shelving scheme Dewey Decimal Classification
Item type English Books
Call number suffix MAL
Classification part 616.0756
Holdings
Withdrawn status Lost status Source of classification or shelving scheme Damaged status Not for loan Collection code Home library Current library Date acquired Source of acquisition Cost, normal purchase price Total Checkouts Full call number Barcode Date last seen Copy number Cost, replacement price Koha item type
    Dewey Decimal Classification   Not For Loan Non-fiction D.B.Act.Division D.B.Act.Division 04/03/2009 DBAD / PUB 100.00   616.0756 MAL EN-76587 04/03/2009 1 100.00 English Books

© Delhi Public Library
Hit Counter
free hit counter